Thơ
Saved in:
| Main Author: | |
|---|---|
| Other Authors: | |
| Format: | Book |
| Language: | Vietnamese |
| Published: |
H.
Văn Học
1978
|
| Subjects: | |
| Tags: |
Add Tag
No Tags, Be the first to tag this record!
|
| Institutions: | Mạng thư viện Đại học Đà Nẵng |
|---|
| LEADER | 01051nam a2200325 4500 | ||
|---|---|---|---|
| 001 | 000004733 | ||
| 003 | 874 | ||
| 005 | 20120411160435.0 | ||
| 008 | 110803s1978 viesd | ||
| 020 | |c 15000đ | ||
| 041 | 0 | |a vie | |
| 082 | |a 891.71 |b LE-M | ||
| 100 | 0 | |a Lermôntốp | |
| 245 | 0 | |a Thơ |c Lermôntốp ; Thúy Toàn tuyển chọn và giới thiệu | |
| 260 | |a H. |b Văn Học |c 1978 | ||
| 300 | |a 309 tr |c 19 cm | ||
| 653 | |a Văn học Nga | ||
| 653 | |a Thơ | ||
| 700 | |a Thúy Toàn |e Tuyển chọn và giới thiệu | ||
| 910 | |a Nguyễn Thị Kim Oanh |d 03/ 08/ 2011 | ||
| OWN | |a LSP | ||
| AVA | |a UDN50 |b LSP |d 891.71 LE-M |e unavailable |t Error 5002 Not defined in file expand_doc_bib_avail. |f 3 |g 3 |h N |i 0 |k 1 | ||
| 999 | |a From the UDN01 | ||
| AVA | |a UDN50 |b LSP |d 891.71 LE-M |e unavailable |t Error 5002 Not defined in file expand_doc_bib_avail. |f 3 |g 3 |h N |i 0 |k 1 | ||
| TYP | |a Monograph | ||
| TYP | |a Printed language | ||
| 980 | |a Mạng thư viện Đại học Đà Nẵng | ||